书目信息 |
| 题名: |
外汇买卖实务与技巧
|
|
| 作者: | 颜世谦 , 龙薇 主编 | |
| 分册: | ||
| 出版信息: | 长沙 中南工业大学出版社 1994.11 |
|
| 页数: | 139页 | |
| 开本: | 32开 | |
| 丛书名: | ||
| 单 册: | ||
| 中图分类: | F832.5 | |
| 科图分类: | ||
| 主题词: | 金融 , 银行 | |
| 电子资源: | ||
| ISBN: | 7-81020-707-5 | |
| 000 | 00621nam0 2200217 45 | |
| 001 | 0007192230 | |
| 005 | 20000719224356.2 | |
| 010 | @a7-81020-707-5@d5.00元 | |
| 100 | @a20000719d1994 km y0chiy0120 ea | |
| 101 | 0 | @achi |
| 105 | @a z 000yy | |
| 200 | 1 | @a外汇买卖实务与技巧@AWai Hui Mai Mai Shi Wu Yu Ji Qiao@f颜世谦,龙薇主编@FYan Shi Qian,Long Wei Zhu Bian |
| 210 | @a长沙@c中南工业大学出版社@d1994.11 | |
| 215 | @a139页@d32开 | |
| 606 | 0 | @a金融 |
| 606 | 0 | @a银行 |
| 690 | @aF832.5@v3 | |
| 701 | 0 | @a颜世谦@4主编 |
| 701 | 0 | @a龙薇@4主编 |
| 801 | @aCN@bPftUser@c20000719 | |
| 905 | @b75239-241@dF832.5@eY461@f3 | |
| 外汇买卖实务与技巧/颜世谦,龙薇主编.-长沙:中南工业大学出版社,1994.11 |
| 139页;32开 |
| ISBN 7-81020-707-5:5.00元 |
| ● |
| 相关链接 |
|
|
|
正题名:外汇买卖实务与技巧
索取号:F832.5/Y461
 
预约/预借
| 序号 | 登录号 | 条形码 | 馆藏地/架位号 | 状态 | 备注 |
| 1 | 75239 | 200752391 | 社科二线422/409社科库 54排4列1层/ [索取号:F832.5/Y461] | 在馆 | |
| 2 | 75240 | 200752408 | 社科库409/409社科库 54排4列1层/ [索取号:F832.5/Y461] | 在馆 | |
| 3 | 75241 | 200752417 | 社科库409/409社科库 54排4列1层/ [索取号:F832.5/Y461] | 在馆 |